|
|
|
|
| LEADER |
02082nam a2200385 a 4500 |
| 001 |
mzk03001029789 |
| 003 |
CZ BrMZK |
| 005 |
20210824105226.0 |
| 007 |
ta |
| 008 |
051020s1758 gw c fr|||||00| ||gerod |
| 040 |
|
|
|a BOA001
|b cze
|
| 072 |
|
7 |
|a 094
|x Staré tisky
|2 Konspekt
|9 12
|
| 080 |
|
|
|a (0.068)094
|2 MRF
|
| 100 |
1 |
|
|a Rapin de Thoyras, Paul,
|d 1661-1725
|7 mzk2008458958
|4 aut
|
| 245 |
1 |
0 |
|a Algemeine Geschichte von England :
|b mit Tindals und de St. Marc Anmerkungen wie auch Durands, la Martiniere und de St. Marc Fortsetzungen.
|n Sechster Band /
|c Paul von Rapin Herrn von Thoyras ; Genau durchgesehen und mit einer Vorrede begleitet von D. Carl Friedrich Pauli des Staatsrechts und der Geschichtskunde öffentlichem Lehrer, und der königl. deutschen Geselschaft zu Königsberg Mitgliede
|
| 260 |
|
|
|a Halle :
|b Verlag und Druck Christoph Peter Franckens,
|c 1758
|
| 300 |
|
|
|a [18], 698, [14] s., [1] příl. ;
|c 4°
|
| 500 |
|
|
|a Výzdoba: Mědirytinový portrétní frontispis (Karel I.), titulní strana tištěna červeně a černě, nad impresem alegorická mědirytina (s monogramem tiskaře "CPF"), vlysy, viněty, klišé
|
| 510 |
3 |
|
|a DNB
|
| 510 |
4 |
|
|a VD18,
|c VD18 90361210
|u https://kxp.k10plus.de/DB=1.65/PPNSET?PPN=020925336
|
| 561 |
|
|
|a Provenience: [mědirytinové erbovní exlibris] Friedrich Graf Sylva Tarouca
|
| 561 |
|
|
|a Provenience: [razítko] Franzmuseum D.K.K.M.S. Ackerbaugesellschaft
|
| 563 |
|
|
|a Původní pergamenová vazba
|
| 655 |
|
7 |
|a staré tisky
|7 fd422076
|2 czenas
|
| 700 |
1 |
|
|a Pauli, Carl Friedrich,
|d 1723-1778
|7 mzk2009509979
|4 aui
|
| 856 |
4 |
2 |
|u http://digital.slub-dresden.de/id435267981
|y Digitalizovaný dokument
|z exemplář Sächsische Landes- und Universitätsbibliothek Dresden, sign. 2.A.6669-6
|
| 903 |
|
|
|a RP
|
| 910 |
|
|
|a BOA001
|b ST2-0006.687,6
|
| 978 |
|
|
|b Francke, Christoph Peter
|a Halle
|c 1758
|
| 984 |
|
|
|a Halle
|b Německo
|
| 985 |
|
|
|a 1751-1800
|
| 990 |
|
|
|a BK
|
| 993 |
|
|
|a Y
|
| 991 |
|
|
|k mzk
|
| 996 |
6 |
|
|b 2619274218
|c ST2-0006.687,6
|l stud. ST
|r Sklad / do násl. otevíracího dne
|n 0
|w 001029789
|u 000010
|a 1
|e BOA001
|s P
|